| 000 | 00983nam a2200241Ia 4500 | ||
|---|---|---|---|
| 003 | Ost | ||
| 005 | 20260507075016.0 | ||
| 008 | 260507s9999||||xx |||||||||||||| ||und|| | ||
| 020 | _aX658215977 | ||
| 040 | _cfsecg | ||
| 041 | _aara | ||
| 082 | _a658.15 | ||
| 100 |
_aالسيسي، صلاح الدين حسن _eمؤلف |
||
| 245 | 0 |
_aقضايا إقتصادية معاصرة / _c صلاح الدين حسن السيسي |
|
| 250 | _aطبعة 2 | ||
| 260 |
_aالقاهرة: _bدار غريب, _c2002 |
||
| 300 |
_a255 صفحة؛ _bإيضاحات ؛ _c24 سم |
||
| 520 | _aدور البنوك في تمويل المشروعات-دور البورصة في تمويل المشروعات-الجات ومنظمة التجارة العالمية-الخصخصة...المبررات،السبل ومقومات النجاح-المصارف الشاملة | ||
| 653 | _aالبنوك | ||
| 653 | _aالبورصات | ||
| 653 | _aالمشروعات- تمويل | ||
| 942 | _cكتاب | ||
| 999 |
_c42208 _d42208 |
||